MARC details
| 000 -LEADER |
| fixed length control field |
03795nam a2200601 i 4500 |
| 001 - CONTROL NUMBER |
| control field |
BDZ0057714189 |
| 003 - CONTROL NUMBER IDENTIFIER |
| control field |
StDuBDS |
| 005 - DATE AND TIME OF LATEST TRANSACTION |
| control field |
20260310112438.0 |
| 006 - FIXED-LENGTH DATA ELEMENTS--ADDITIONAL MATERIAL CHARACTERISTICS |
| fixed length control field |
m|||||o||d|||||||| |
| 007 - PHYSICAL DESCRIPTION FIXED FIELD--GENERAL INFORMATION |
| fixed length control field |
cr ||||||||||| |
| 008 - FIXED-LENGTH DATA ELEMENTS--GENERAL INFORMATION |
| fixed length control field |
251028s2026 enka fob 001|0 eng|d |
| 020 ## - INTERNATIONAL STANDARD BOOK NUMBER |
| International Standard Book Number |
9781040547960 (PDF ebook) : |
| Terms of availability |
No price |
| 020 ## - INTERNATIONAL STANDARD BOOK NUMBER |
| International Standard Book Number |
9781003564126 (ebook) : |
| Terms of availability |
No price |
| 020 ## - INTERNATIONAL STANDARD BOOK NUMBER |
| Canceled/invalid ISBN |
9781032916002 (hbk.) : |
| Terms of availability |
145.00 |
| 020 ## - INTERNATIONAL STANDARD BOOK NUMBER |
| Canceled/invalid ISBN |
9781032915999 (pbk.) : |
| Terms of availability |
No price |
| 040 ## - CATALOGING SOURCE |
| Original cataloging agency |
StDuBDS |
| Language of cataloging |
eng |
| Description conventions |
rda |
| -- |
pn |
| Transcribing agency |
StDuBDS |
| Modifying agency |
StDuBDSZ |
| 050 #0 - LIBRARY OF CONGRESS CALL NUMBER |
| Classification number |
KD833 |
| Item number |
.B735 2026 |
| 072 #7 - SUBJECT CATEGORY CODE |
| Subject category code |
LAW |
| Source |
ukslc |
| 072 #7 - SUBJECT CATEGORY CODE |
| Subject category code |
LN |
| Source |
bicssc |
| 072 #7 - SUBJECT CATEGORY CODE |
| Subject category code |
LNSH5 |
| Source |
bicssc |
| 072 #7 - SUBJECT CATEGORY CODE |
| Subject category code |
KFFR |
| Source |
bicssc |
| 072 #7 - SUBJECT CATEGORY CODE |
| Subject category code |
LAQ |
| Source |
bicssc |
| 072 #7 - SUBJECT CATEGORY CODE |
| Subject category code |
TN |
| Source |
bicssc |
| 072 #7 - SUBJECT CATEGORY CODE |
| Subject category code |
LN |
| Source |
thema |
| 072 #7 - SUBJECT CATEGORY CODE |
| Subject category code |
LNSH5 |
| Source |
thema |
| 072 #7 - SUBJECT CATEGORY CODE |
| Subject category code |
KFFR |
| Source |
thema |
| 072 #7 - SUBJECT CATEGORY CODE |
| Subject category code |
LAQ |
| Source |
thema |
| 072 #7 - SUBJECT CATEGORY CODE |
| Subject category code |
TN |
| Source |
thema |
| 082 04 - DEWEY DECIMAL CLASSIFICATION NUMBER |
| Classification number |
343.42043 |
| Edition number |
23 |
| 100 1# - MAIN ENTRY--PERSONAL NAME |
| Personal name |
Bray, Judith, |
| Dates associated with a name |
1954- |
| Relator term |
author. |
| 245 10 - TITLE STATEMENT |
| Title |
Unlocking land law |
| Medium |
[electronic resource] / |
| Statement of responsibility, etc. |
Judith Bray. |
| 250 ## - EDITION STATEMENT |
| Edition statement |
8th edition. |
| 263 ## - PROJECTED PUBLICATION DATE |
| Projected publication date |
202512 |
| 264 #1 - PRODUCTION, PUBLICATION, DISTRIBUTION, MANUFACTURE, AND COPYRIGHT NOTICE |
| Place of production, publication, distribution, manufacture |
London : |
| Name of producer, publisher, distributor, manufacturer |
Routledge, |
| Date of production, publication, distribution, manufacture, or copyright notice |
2026. |
| 300 ## - PHYSICAL DESCRIPTION |
| Extent |
1 online resource (xxxix, 608 pages) : |
| Other physical details |
illustrations (black and white, and colour). |
| 336 ## - CONTENT TYPE |
| Content type term |
text |
| Source |
rdacontent |
| 336 ## - CONTENT TYPE |
| Content type term |
still image |
| Source |
rdacontent |
| 337 ## - MEDIA TYPE |
| Media type term |
computer |
| Source |
rdamedia |
| 338 ## - CARRIER TYPE |
| Carrier type term |
online resource |
| Source |
rdacarrier |
| 366 ## - TRADE AVAILABILITY INFORMATION |
| Detailed date of publication |
20251215 |
| Availability status code |
Available |
| 490 1# - SERIES STATEMENT |
| Series statement |
Unlocking the law |
| 500 ## - GENERAL NOTE |
| General note |
Previous edition: 2022. |
| 504 ## - BIBLIOGRAPHY, ETC. NOTE |
| Bibliography, etc. note |
Includes bibliographical references and index. |
| 505 0# - FORMATTED CONTENTS NOTE |
| Formatted contents note |
1. Introduction 2. Common law and equity 3. Registered land 4. The transfer and creation of property interests 5. Equitable rights in land 6. Licenses 7. Proprietary estoppel 8. Co-ownership 9. Trusts of land 10. Easements 11. Freehold covenants 12. Mortgages 13. Leases 14. Adverse possession 15. Commonhold |
| 520 8# - SUMMARY, ETC. |
| Summary, etc. |
Unlocking Land Law will help you grasp the main concepts of this core subject with ease. Containing accessible explanations in a clear and logical structure, it provides an excellent foundation for learning and revising, and incorporates the following features to support learning. |
| Expansion of summary note |
Unlocking Land Law will help you grasp the main concepts of this core subject with ease.Containing accessible explanations in a clear and logical structure, it provides an excellent foundation for learning and revising, and incorporates the following features to support learning: Clear learning outcomes at the beginning of each chapter set out the skills and knowledge you will need to get to grips with the subject Key Facts summaries throughout each chapter allow you to progressively build and consolidate your understanding End-of-chapter summaries provide a useful checklist for each topic Cases and judgments are highlighted to help you find them and add them to your notes quickly Frequent activities and self-test questions and sample essay questions are included so you can put your knowledge into practice and prepare yourself for assessment A `Critiquing the Law' feature designed to foster essential critical thinking skills This 8th edition has been comprehensively updated to include discussion of recent changes and key developments in land law - for example, the chapter on proprietary estoppel has been extensively rewritten to reflect the decision of the Supreme Court in Guest v Guest. This book forms part of the Unlocking the Law series; it is essential reading for all core modules on land law. |
| 650 #0 - SUBJECT ADDED ENTRY--TOPICAL TERM |
| Topical term or geographic name entry element |
LAND TENURE |
| 650 #0 - SUBJECT ADDED ENTRY--TOPICAL TERM |
| Topical term or geographic name entry element |
LAND LAW |
| 650 #7 - SUBJECT ADDED ENTRY--TOPICAL TERM |
| Topical term or geographic name entry element |
EBOOK |
| 776 08 - ADDITIONAL PHYSICAL FORM ENTRY |
| Relationship information |
Print version : |
| International Standard Book Number |
9781032916002 |
| 830 #0 - SERIES ADDED ENTRY--UNIFORM TITLE |
| Uniform title |
Unlocking the law. |
| 856 40 - ELECTRONIC LOCATION AND ACCESS |
| Uniform Resource Identifier |
<a href="https://www.vlebooks.com/product/openreader?id=RICS&accId=9491556&isbn=9781040547960">https://www.vlebooks.com/product/openreader?id=RICS&accId=9491556&isbn=9781040547960</a> |
| Public note |
Available via Vlebooks (email [email protected] for access) |
| 942 ## - ADDED ENTRY ELEMENTS (KOHA) |
| Source of classification or shelving scheme |
Dewey Decimal Classification |